El reino de los hongos: micología básica y aplicada
Guardat en:
| Autor principal: | |
|---|---|
| Altres autors: | |
| Format: | Llibre |
| Idioma: | espanyol |
| Publicat: |
Ciudad de México
Universidad Nacional Autónoma de México
1990
|
| Col·lecció: | Sección de Obras de Ciencia y Tecnología
|
| Matèries: | |
| Etiquetes: |
Afegir etiqueta
Sense etiquetes, Sigues el primer a etiquetar aquest registre!
|
MARC
| LEADER | 00000nam a2200000 a 4500 | ||
|---|---|---|---|
| 001 | UCX8989 | ||
| 003 | CL-VaPUC | ||
| 005 | 20211104074319.0 | ||
| 008 | 940510e19900000MX |||||||||||||||||spa|d | ||
| 999 | |c 228351 |d 228349 | ||
| 040 | |c Pontificia Universidad Católica de Valparaíso | ||
| 082 | 0 | 4 | |a 589.2 HER 1990 |2 21 |
| 100 | 0 | |a Herrera, Teófilo |9 326256 | |
| 245 | 1 | 3 | |a El reino de los hongos: micología básica y aplicada |
| 260 | |a Ciudad de México |b Universidad Nacional Autónoma de México |c 1990 | ||
| 300 | |a 552 páginas | ||
| 490 | 0 | |a Sección de Obras de Ciencia y Tecnología | |
| 583 | |a last modification |c 19940510 00:00:00 |k Rodrigo Vera | ||
| 650 | 0 | |a Micología |9 326258 | |
| 650 | 7 | |a MICOLOGIA MEDICA |2 CL-VaPUC |9 326259 | |
| 650 | 0 | |a Hongos |9 261629 | |
| 700 | 0 | |a Ulloa, Miguel |9 326257 | |
| 942 | |c BK |2 ddc | ||
| 945 | |d 19940510 00:00:00 |a mfernand | ||